| 000 | 01361nam a22003977a 4500 | ||
|---|---|---|---|
| 001 | 000098183 | ||
| 003 | CHAP | ||
| 005 | 20220329143311.0 | ||
| 008 | 080327d2004 es r 00110 spa d | ||
| 010 | _a94649 | ||
| 011 | _a95621 | ||
| 020 | _a8483017458 | ||
| 035 | _a106249 | ||
| 040 | _cCHAP | ||
| 082 | 0 | 4 |
_a637.1 _bR76 |
| 100 | 1 |
_aRomero del Castillo Shelly, Roser _999557 |
|
| 245 | 1 | 0 |
_aProductos lácteos tecnología / _c/por Roser Romero del Castillo Shelly y Josep Mestres Lagarriga. |
| 260 |
_aBarcelona : _bUniversitat Polítécnica de Catalunya, _c2004. |
||
| 300 |
_a228 p. : _bilus. ; gráfs. ; cuadros. |
||
| 490 | 0 |
_aPolitext _v; 161 |
|
| 590 |
_aBATCH-UPD _b10 _c20130110 _lUCH01 _h0808 |
||
| 590 |
_aBATCH-UPD _b10 _c20130410 _lUCH01 _h0446 |
||
| 590 |
_aBATCH-UPD _b10 _c20130914 _lUCH01 _h1635 |
||
| 590 |
_aCONVERSION _b10 _c20130109 _lUCH01 _h1352 |
||
| 590 |
_aE5765TAJ _b05 _c20150617 _lUCH01 _h0951 |
||
| 650 | 1 | 4 |
_aIndustria lechera. _957819 |
| 650 | 1 | 4 |
_aLeche _xPasteurización y esterilización. _965397 |
| 650 | 1 | 4 |
_aProductos lácteos. _992124 |
| 650 | 1 | 4 |
_aProductos lácteos _xProcesado. _992149 |
| 700 | 1 |
_aMestres Lagarriga, Josep _975147 |
|
| 830 | 0 |
_aPolitext _v; 161 _990245 |
|
| 901 | _aBK | ||
| 942 | _cLIBRO | ||
| 942 | _n0 | ||
| 949 |
_a637.1 R6 _bBC _cLIBRO _d33724002046446 _eLIBRO _gI.c/e. _h109358 _i106249 _si _t$465.00 |
||
| 999 |
_c94649 _d94649 |
||